书目信息 |
| 题名: |
中年女子头像
|
|
| 作者: | 张五力 著 | |
| 分册: | ||
| 出版信息: | 安徽 安徽美术出版社 2000.01 |
|
| 页数: | 4页 | |
| 开本: | 16开 | |
| 丛书名: | ||
| 单 册: | ||
| 中图分类: | J211 | |
| 科图分类: | ||
| 主题词: | 绘画--技法(美术) | |
| 电子资源: | ||
| ISBN: | ||
| 000 | 00504nam0 2200181 45 | |
| 001 | 0010231024 | |
| 005 | 20001024081258.3 | |
| 100 | @a20001023d2000 km y0chiy0120 ea | |
| 101 | 0 | @achi |
| 105 | @a z 000yy | |
| 200 | 1 | @a中年女子头像@AZhong Nian Nu Zi Tou Xiang@f张五力著@FZhang Wu Li Zhu |
| 210 | @a安徽@c安徽美术出版社@d2000.01 | |
| 215 | @a4页@d16开 | |
| 606 | 0 | @a绘画@x技法(美术) |
| 690 | @aJ211@v3 | |
| 701 | 0 | @a张五力@4著 |
| 801 | @aCN@bPftUser@c20001023 | |
| 905 | @b183366-370@dJ211@eZH463@f5 | |
| 中年女子头像/张五力著.-安徽:安徽美术出版社,2000.01 |
| 4页;16开 |
| ISBN : |
| ● |
| 相关链接 |
|
|
|
正题名:中年女子头像
索取号:J211/ZH463
 
预约/预借
| 序号 | 登录号 | 条形码 | 馆藏地/架位号 | 状态 | 备注 |
| 1 | 183366 | 201833668 | 社科库309/ [索取号:J211/ZH463] | 在馆 | |
| 2 | 183367 | 201833677 | 社科库309/ [索取号:J211/ZH463] | 在馆 | |
| 3 | 183368 | 201833686 | 社科库309/ [索取号:J211/ZH463] | 在馆 | |
| 4 | 183369 | 201833695 | 社科库309/ [索取号:J211/ZH463] | 在馆 | |
| 5 | 183370 | 201833702 | 社科库309/309社科库 68排1列4层/ [索取号:J211/ZH463] | 在馆 |